Research-based teaching and learning / (Record no. 5728)
[ view plain ]
| 000 -LEADER | |
|---|---|
| fixed length control field | 00754nam a22002537i 4500 |
| 003 - CONTROL NUMBER IDENTIFIER | |
| control field | URS |
| 005 - DATE AND TIME OF LATEST TRANSACTION | |
| control field | 20251001091328.0 |
| 008 - FIXED-LENGTH DATA ELEMENTS--GENERAL INFORMATION | |
| fixed length control field | 181206s2011 -ph||||| |||| 00| 0 eng d |
| 020 ## - INTERNATIONAL STANDARD BOOK NUMBER | |
| International Standard Book Number | 9716857382 |
| 040 ## - CATALOGING SOURCE | |
| Language of cataloging | eng |
| Description conventions | rda |
| Transcribing agency | URS |
| 050 14 - LIBRARY OF CONGRESS CALL NUMBER | |
| Classification number | LB 1025.3 |
| Item number | N228 2011 |
| 100 1# - MAIN ENTRY--PERSONAL NAME | |
| Personal name | Navarro, Rosita L, |
| Relator term | author |
| 245 10 - TITLE STATEMENT | |
| Title | Research-based teaching and learning / |
| Statement of responsibility, etc. | Rosita L. Navarro, Rosita G. Santos. |
| 264 #1 - PRODUCTION, PUBLICATION, DISTRIBUTION, MANUFACTURE, AND COPYRIGHT NOTICE | |
| Place of production, publication, distribution, manufacture | Quezon City : |
| Name of producer, publisher, distributor, manufacturer | Lorimar Publishing, |
| Date of production, publication, distribution, manufacture, or copyright notice | 2011. |
| 300 ## - PHYSICAL DESCRIPTION | |
| Extent | viii, 94 pages ; |
| Dimensions | 26 cm |
| 336 ## - CONTENT TYPE | |
| Content type term | text |
| Content type code | txt |
| Source | rdacontent |
| 337 ## - MEDIA TYPE | |
| Media type term | unmediated |
| Media type code | n |
| Source | rdamedia |
| 338 ## - CARRIER TYPE | |
| Carrier type term | volume |
| Carrier type code | nc |
| Source | rdacarrier |
| 500 ## - GENERAL NOTE | |
| General note | Includes bibliographical references |
| 526 ## - STUDY PROGRAM INFORMATION NOTE | |
| Program name | BEED |
| 650 #0 - SUBJECT ADDED ENTRY--TOPICAL TERM | |
| Topical term or geographic name entry element | Teaching |
| 650 #0 - SUBJECT ADDED ENTRY--TOPICAL TERM | |
| Topical term or geographic name entry element | Effective teaching |
| 942 ## - ADDED ENTRY ELEMENTS (KOHA) | |
| Koha item type | Filipiniana |
| Source of classification or shelving scheme | Library of Congress Classification |
| Withdrawn status | Damaged status | Not for loan | Collection code | Home library | Current library | Shelving location | Date acquired | Source of acquisition | Cost, normal purchase price | Total Checkouts | Full call number | Barcode | Date last seen | Price effective from | Koha item type | Source of classification or shelving scheme | Copy number |
|---|---|---|---|---|---|---|---|---|---|---|---|---|---|---|---|---|---|
| Non-fiction | Pililla College Library | Pililla College Library | General Stacks | 02/18/2016 | purchased | 370 N22r 2011 | URSPIL-5516. | 05/31/2019 | 02/18/2016 | Filipiniana | Library of Congress Classification | 1 | |||||
| Non-fiction | Pililla College Library | Pililla College Library | General Stacks | 02/18/2016 | purchased | 370 N22r 2011 | URSPIL-5517. | 05/31/2019 | 02/18/2016 | Filipiniana | Library of Congress Classification | 2 | |||||
| Non-fiction | Pililla College Library | Pililla College Library | General Stacks | 02/18/2016 | purchased | 370 N22r 2011 | URSPIL-5518. | 05/31/2019 | 02/18/2016 | Filipiniana | Library of Congress Classification | 3 | |||||
| Non-fiction | Pililla College Library | Pililla College Library | General Stacks | 02/18/2016 | purchased | 370 N22r 2011 | URSPIL-5519. | 05/31/2019 | 02/18/2016 | Filipiniana | Library of Congress Classification | 4 | |||||
| Non-fiction | Pililla College Library | Pililla College Library | General Stacks | 08/08/2017 | 370 N22r 2011 | URSPIL-5520. | 05/31/2019 | 08/08/2017 | Filipiniana | Library of Congress Classification | 5 | ||||||
| Non-fiction | Tanay College Library | Tanay College Library | New Materials Shelf | 11/24/2015 | Purchase | 200.00 | LB 1025.3 N228 2011 | URSTAN-N1871 | 11/24/2015 | 03/10/2016 | Filipiniana | ||||||
| Non-fiction | Tanay College Library | Tanay College Library | Reserve Section | 11/24/2015 | Purchase | 200.00 | LB 1025.3 N228 2011 | URSTAN-N1872 | 12/06/2018 | 03/10/2016 | Filipiniana |